书目信息 |
| 题名: |
华西专家告诉你
|
|
| 作者: | 钟慧 , 马登艳 主编 | |
| 分册: | ||
| 出版信息: | 成都 四川科学技术出版社 2019.04 |
|
| 页数: | 216页 | |
| 开本: | 24cm | |
| 丛书名: | 华西医学大系 | |
| 单 册: | ||
| 中图分类: | R459.5 | |
| 科图分类: | ||
| 主题词: | 腹膜透析--fu mo tou xi | |
| 电子资源: | ||
| ISBN: | 978-7-5364-9447-3 | |
| 000 | 01154nam 2200289 450 | |
| 001 | CAL 0120192785782 | |
| 005 | 20230217093111.0 | |
| 010 | @a978-7-5364-9447-3@dCNY50.00 | |
| 100 | @a20190705d2019 em y0chiy0120 ea | |
| 101 | 0 | @achi |
| 102 | @aCN@b510000 | |
| 105 | @aak a 000yy | |
| 106 | @ar | |
| 200 | 1 | @a华西专家告诉你@Ahua xi zhuan jia gao su ni@e腹膜透析的自我管理@f钟慧, 马登艳主编 |
| 210 | @a成都@c四川科学技术出版社@d2019.04 | |
| 215 | @a216页@c图@d24cm | |
| 225 | 2 | @a华西医学大系@Ahua xi yi xue da xi@e医学科普 |
| 320 | @a有书目 (第214-216页) | |
| 330 | @a本书系编者结合自己长期腹膜透析临床治疗经验, 以及在电话随访和家庭随访中遇到的问题, 以问答形式, 讲解了腹膜透析的基础知识, 着重讲解了腹膜透析患者的生活方式、并发症、饮食和营养、工作、出行和旅游、医保、透析操作、准备肾移植等方面的问题, 以及处理办法。 | |
| 410 | 0 | @12001 @a华西医学大系 (医学科普) |
| 517 | 1 | @a腹膜透析的自我管理@Afu mo tou xi de zi wo guan li |
| 606 | 0 | @a腹膜透析@Afu mo tou xi |
| 690 | @aR459.5@v5 | |
| 701 | 0 | @a钟慧@Azhong hui@4主编 |
| 701 | 0 | @a马登艳@Ama deng yan@4主编 |
| 801 | 0 | @aCN@bBJXHZP@c20230222 |
| 905 | @b1393547-50@dR459.5@e153@f4 | |
| 华西专家告诉你:腹膜透析的自我管理/钟慧, 马登艳主编.-成都:四川科学技术出版社,2019.04 |
| 216页:图;24cm.-(华西医学大系:医学科普) |
| ISBN 978-7-5364-9447-3:CNY50.00 |
| 本书系编者结合自己长期腹膜透析临床治疗经验, 以及在电话随访和家庭随访中遇到的问题, 以问答形式, 讲解了腹膜透析的基础知识, 着重讲解了腹膜透析患者的生活方式、并发症、饮食和营养、工作、出行和旅游、医保、透析操作、准备肾移植等方面的问题, 以及处理办法。 |
| ● |
| 相关链接 |
|
|
|
|
正题名:华西专家告诉你
索取号:R459.5/153
 
预约/预借
| 序号 | 登录号 | 条形码 | 馆藏地/架位号 | 状态 | 备注 |
| 1 | 1393547 | 213935474 | 第二样本阅览室/ [索取号:R459.5/153] | 在馆 | |
| 2 | 1393548 | 213935483 | 第三借阅区/ [索取号:R459.5/153] | 在馆 | |
| 3 | 1393549 | 213935492 | 第三借阅区/ [索取号:R459.5/153] | 在馆 | |
| 4 | 1393550 | 213935508 | 第三借阅区/ [索取号:R459.5/153] | 在馆 |